=LDR 00000nam 2200000 4500 =001 INLIS000000000050700 =005 20240612015600 =035 ##$$a 0010-0517000353 =007 ta =008 240612################g##########0#ind## =020 ##$$a 978 - 602 - 391 - 178 - 3 =082 ##$$a 813 =084 ##$$a 813 SHO s =100 #$$a Shobita, Dhamala =245 1#$$a Somewhere called home /$c Dhamala Shobita =250 ##$$a Cet.1 =260 ##$$a Yogyakarta :$b deTeens,$c 2016 =300 ##$$a 260 hlm. ; $c 19 cm. =650 #4$$a NOVEL =990 ##$$a 31700520 =990 ##$$a 31700519